00837nam a2200253Ia 450000500170000000800410001702000180005804000180007604100080009408200200010210000220012224501160014425000120026026000550027230000300032765000270035765000380038465000410042265000290046365000230049265000220051565000250053770000210056220230705142130.0210716s2011 xx 000 0 und d a9788131216408 cAIMIT LIBRARY aeng a511.3 21bGRER aGreenlaw, Raymond aFundamentals of the theory of computation : bPrinciples and practice /cBy Raymond Greenlaw and H James Hoover a1st ed. aNew Delhi :bReed Elsevier India Pvt Ltd. ,c2011. axvi;336p. ;bPB : c24 cm aLanguages and Problems aRegular Expressions and Languages aProperties of Finite State Languages aComputational Complexity aCircuit Complexity aFeasible Problems aIntractable Problems aHoover, H James.